Emocionario (Record no. 135822)

MARC details
000 -LEADER
campo de control de longitud fija 00598nam a2200181 4500
001 - NÚMERO DE CONTROL
campo de control 135822
003 - IDENTIFICADOR DE NÚMERO DE CONTROL
campo de control ES-MaACL
005 - FECHA Y HORA DE LA ÚLTIMA TRANSACCIÓN
campo de control 20230906194950.0
007 - CAMPO FIJO DE DESCRIPCIÓN FÍSICA--INFORMACIÓN GENERAL
campo de control de longitud fija t|
008 - DATOS DE LONGITUD FIJA--INFORMACIÓN GENERAL
campo de control de longitud fija 070214s1953 sp r ||||1| spa d
100 1# - ENTRADA PRINCIPAL--NOMBRE DE PERSONA
Nombre de persona Ruiz Bazaga, Rosendo.
9 (RLIN) 100668
245 10 - MENCIÓN DEL TÍTULO
Título Emocionario
Resto del título : poesía y verso /
Mención de responsabilidad, etc. Rosendo Ruiz Bazaga ; con un prólogo de Luis Araujo-Costa y unas credenciales literarias.
250 ## - MENCION DE EDICION
Mención de edición 1ª ed.
260 ## - PUBLICACIÓN, DISTRIBUCIÓN, ETC.
Lugar de publicación, distribución, etc. Madrid :
Nombre del editor, distribuidor, etc. [s. n.],
Fecha de publicación, distribución, etc. 1953 (
Fabricante Artes Gráf. Helénicas)
300 ## - DESCRIPCIÓN FÍSICA
Extensión 174 p. ;
Dimensiones 16 cm.
700 1# - ENTRADA AGREGADA--NOMBRE PERSONAL
Nombre de persona Araujo-Costa, Luis.
9 (RLIN) 22362
852 ## - LOCALIZACIÓN
Ubicación ES-MaACL
Número de control de estantería C-8535
Sublocalización o colección R.35387
Holdings
Estatus retirado Estado de pérdida Estado de daño No para préstamo Biblioteca de origen Biblioteca actual Ubicación en estantería Fecha de adquisición Fuente de adquisición Total de préstamos Signatura topográfica completa Código de barras Visto por última vez Precio de reemplazo Tipo de ítem Koha
        Biblioteca del Ateneo de Madrid Biblioteca del Ateneo de Madrid Sala Palomar 17/01/2008     C-8535 1141360 23/02/2023 23/02/2023 Libro impreso